Pôles verts de Provence-Alpes-Côte-d'Azur sur une carte - Statistiques

Statistiques générales
  • Ce quiz a été pris 55 fois
  • Le résultat moyen est 24 sur 30
Réponses sur la Carte
Les réponses sont colorées sur une échelle allant du rouge au vert en fonction du pourcentage des utilisateurs qui les ont devinées à leur premier essai. Vous pouvez retrouver ces pourcentages ci-dessous.
 
Statistiques - réponses
Niveau Ville % Correct
5 Marseille
98%
5 Nice
98%
5 Toulon
98%
4 Avignon
96%
4 Cannes
96%
4 Aix-en-Provence
94%
3 Gap
88%
3 Saint-Tropez
88%
3 Arles
86%
3 Fréjus
84%
3 Hyères
84%
3 Digne-les-Bains
82%
3 Menton
82%
3 Orange
82%
3 Grasse
80%
3 Saint-Raphaël
78%
3 Aubagne
76%
3 Istres
76%
3 La Ciotat
74%
3 Briançon
72%
3 Draguignan
72%
3 Martigues
72%
3 Antibes
70%
3 Salon-de-Provence
70%
3 Carpentras
68%
3 La Seyne-sur-Mer
68%
3 Sisteron
62%
3 Cavaillon
60%
3 Fos-sur-Mer
56%
3 Tarascon
40%
Aucun quiz correspondant
Distribution des résultats
% des personnes avec chaque résultat
Percentile par nombre de réponses
Votre historique - résultats
Vous n’avez pas pris ce quiz